000 01969nam0a2200373 4500
001 RU\NLR\bibl\1069840
005 20250615043112.0
010 _a5-7782-0734-4
_9100
021 _aRU
_b2007-11434
_9609
035 _a(nilc)RSL-KNO-003049662
035 _a(NLR Aleph) 001057073
090 _a914959
_c914959
100 _a20070301d2006 |||y0rusy50 ca
101 0 _arus
102 _aRU
105 _aa zzzz|||||
200 1 _aКлиматология и охрана окружающей среды
_eучебное пособие для студентов дневной формы обучения - направление 280200 - "Защита окружающей среды"
_fН. И. Ларичкина
_gМ-во образования и науки Российской Федерации, Новосибирский гос. технический ун-т
210 _aНовосибирск
_cНовосибирский гос. технический ун-т
_d2006
215 _a58, [1] с.
_cил., табл.
_d20
320 _aБиблиогр.: с. 49 (15 назв.)
606 1 _aКлимат
_jУчебные издания для высших учебных заведений
_xВзаимосвязь с окружающей средой
_92468652
_3RU\NLR\auth\661466364
610 0 _aНауки о Земле -- Геофизические науки -- Метеорология -- Климатология -- Учебник для высшей школы
610 0 _aОхрана окружающей среды -- Учебник для высшей школы
686 _aД247я73-1
_2rubbk
686 _aБ1я73-1
_2rubbk
686 _aД247я73
700 1 _aЛаричкина
_bН. И.
_gНаталья Илларионовна
_4070
801 0 _aRU
_bРКП
_c20070301
_grcr
801 1 _aRU
_bРГБ
_c20070301
801 2 _aRU
_bNLR
_c20070406
_grcr
830 _aавт. по кн.
942 _cBOOK
980 _aNB